000 00573nam a22002177a 4500
003 UA-OsUOA
001 77666
007 ta
008 20110920b un ||||| |||| 00| 0 ukr d
100 _aКлочко В.
090 _a330
_bК50
942 _cSA
040 _aUA-OsUOA
_bukr
_cUA-OsUOA
_dUA-OsUOA
245 _aГлобалізація та особливості сучасної еокномічної кризи
300 _aС.27-38
955 _a0
041 _aukr
080 _a330
773 0 _w77664
650 7 _a330 Економіка взагалі
_2UDC
999 _c363976
_d363976